<?xml version="1.0" encoding="UTF-8"?><?xml-stylesheet type="text/xsl" href="static/style.xsl"?><OAI-PMH xmlns="http://www.openarchives.org/OAI/2.0/" xmlns:xsi="http://www.w3.org/2001/XMLSchema-instance" xsi:schemaLocation="http://www.openarchives.org/OAI/2.0/ http://www.openarchives.org/OAI/2.0/OAI-PMH.xsd"><responseDate>2026-06-03T02:27:44Z</responseDate><request verb="GetRecord" identifier="oai:riuma.uma.es:10630/23672" metadataPrefix="marc">https://riuma.uma.es/rest/oai/request</request><GetRecord><record><header><identifier>oai:riuma.uma.es:10630/23672</identifier><datestamp>2026-02-03T12:55:48Z</datestamp><setSpec>com_10630_22985</setSpec><setSpec>com_10630_3139</setSpec><setSpec>com_10630_10</setSpec><setSpec>col_10630_23624</setSpec></header><metadata><record xmlns="http://www.loc.gov/MARC21/slim" xmlns:dcterms="http://purl.org/dc/terms/" xmlns:doc="http://www.lyncode.com/xoai" xmlns:xsi="http://www.w3.org/2001/XMLSchema-instance" xsi:schemaLocation="http://www.loc.gov/MARC21/slim http://www.loc.gov/standards/marcxml/schema/MARC21slim.xsd">
   <leader>00925njm 22002777a 4500</leader>
   <datafield ind2=" " ind1=" " tag="042">
      <subfield code="a">dc</subfield>
   </datafield>
   <datafield ind2=" " ind1=" " tag="720">
      <subfield code="a">Marques Santos, Paula</subfield>
      <subfield code="e">author</subfield>
   </datafield>
   <datafield ind2=" " ind1=" " tag="720">
      <subfield code="a">Guedes, Anabela</subfield>
      <subfield code="e">author</subfield>
   </datafield>
   <datafield ind2=" " ind1=" " tag="720">
      <subfield code="a">Oliveira, Isabel</subfield>
      <subfield code="e">author</subfield>
   </datafield>
   <datafield ind2=" " ind1=" " tag="720">
      <subfield code="a">Antunes, Sandra</subfield>
      <subfield code="e">author</subfield>
   </datafield>
   <datafield ind2=" " ind1=" " tag="260">
      <subfield code="c">2021</subfield>
   </datafield>
   <datafield ind2=" " ind1=" " tag="520">
      <subfield code="a">Este artigo pretende apresentar um estudo sobre a metodologia de ensino e avaliação da unidade curricular de gestão de eventos, garantindo a aquisição de conhecimento e competências adequadas às solicitações e necessidades do mercado de trabalho. Como principais objetivos, temos: entender a importância do ensino de gestão de eventos; explicar a metodologia de ensino e de avaliação colaborativa na Unidade Curricular; identificar as principais vantagens da metodologia utilizada para aquisição de conhecimentos científicos e técnicos. Metodologicamente, na dimensão empírica do nosso trabalho, de natureza essencialmente descritiva, tentamos explicar todas as ferramentas de ensino e avaliação em uso e como elas ajudam os alunos na aquisição de conhecimentos. O presente estudo analisa como o ensino ativo e colaborativo pode ser usado em licenciaturas, com base em métodos práticos para ajudar os alunos a adquirir as competências necessárias, esquematizando-se as principais competências e evidenciando a importância da qualificação específica em gestão de eventos.</subfield>
   </datafield>
   <datafield ind1="8" ind2=" " tag="024">
      <subfield code="a">Marques Santos, P., Guedes, A., Oliveira, I., &amp; Antunes, S. (2021). Gestão de eventos – estudo da metodologia de ensino e avaliação da UC no ensino superior. Revista Prácticum, 6(2), 70-84. https://doi.org/10.24310/RevPracticumrep.v6i2.10578</subfield>
   </datafield>
   <datafield ind1="8" ind2=" " tag="024">
      <subfield code="a">https://hdl.handle.net/10630/23672</subfield>
   </datafield>
   <datafield ind1="8" ind2=" " tag="024">
      <subfield code="a">https://doi.org/10.24310/RevPracticumrep.v6i2.10578</subfield>
   </datafield>
   <datafield tag="653" ind2=" " ind1=" ">
      <subfield code="a">Enseñanza - Evaluación</subfield>
   </datafield>
   <datafield tag="653" ind2=" " ind1=" ">
      <subfield code="a">Pedagogía</subfield>
   </datafield>
   <datafield ind2="0" ind1="0" tag="245">
      <subfield code="a">Gestão de eventos – estudo da metodologia de ensino e avaliação da UC no ensino superior</subfield>
   </datafield>
</record>
</metadata></record></GetRecord></OAI-PMH>